| 000 | 00510nam a2200217Ia 4500 | ||
|---|---|---|---|
| 005 | 20250506172920.0 | ||
| 008 | 008 250505s9999 xx 000 0 eng d | ||
| 020 | _a9789391155391 | ||
| 037 | _aTB | ||
| 040 |
_aILCL _beng _cILCL |
||
| 041 |
_aeng _2eng |
||
| 082 | _qILCL | ||
| 100 | _aGuest, Stephen | ||
| 245 | 0 | _aRonald Dworkin | |
| 250 | _a3 | ||
| 260 |
_aBengaluru _bMPP House _c2013 |
||
| 300 | _aviii,297p. | ||
| 365 | _aINR | ||
| 942 |
_cTB _2Colon Classification |
||
| 999 |
_c1312684 _d1312684 |
||